[Event "EU-chT (Men) 14th"]
[Site "Plovdiv"]
[Date "2003.10.14"]
[Round "4.3"]
[White "Krasenkow, Michal"]
[Black "Avrukh, Boris"]
[Result "0-1"]
[WhiteElo "2597"]
[BlackElo "2609"]
[Annotator "Avrukh,B"]
[PlyCount "66"]
[EventDate "2003.10.10"]
[EventType "team-swiss"]
[EventRounds "9"]
[EventCountry "BUL"]
[SourceTitle "CBM 098"]
[Source "ChessBase"]
[SourceDate "2004.02.03"]
[SourceVersion "1"]
[SourceVersionDate "2004.02.03"]
[SourceQuality "1"]
[WhiteTeam "Poland"]
[BlackTeam "Israel"]
[WhiteTeamCountry "POL"]
[BlackTeamCountry "ISR"]

1. d4 d5 2. c4 c6 3. Nc3 Nf6 4. e3 a6 5. Qc2 e6 6. c5 $5 $146 {6 Bd2 87/383}
Nbd7 $1 {/\ 7...e5} (6... e5 7. dxe5 Nfd7 8. f4 Nxc5 9. Nf3 g6 {/\ 10..Bf5} 10.
Nd4 f6 11. exf6 Qxf6 12. b4 $1 $13) 7. Nf3 (7. f4 $140 $2 b6 $1 8. cxb6 (8. b4
a5 9. b5 Bb7 $15) 8... c5 $15) 7... g6 (7... e5 $5 8. dxe5 Ng4 9. e6 $1 fxe6
10. Bd3 $13 {><h7,e8}) 8. e4 (8. b4 Bg7 9. Bb2 O-O 10. Be2 Re8 11. O-O e5 $11)
8... e5 $1 (8... dxe4 $2 9. Nxe4 Nxe4 10. Qxe4 Bg7 11. Bc4 O-O 12. O-O {><c8}
e5 $8 13. Bg5 $1 (13. Nxe5 $2 Nxe5 14. dxe5 Qe7 $11) 13... Qa5 14. Be7 Re8 15.
Bd6 Nf6 $8 16. Qe1 $1 (16. Qh4 $5 $36) 16... Qxe1 17. Rfxe1 exd4 18. Ng5 $16 {
><f7}) 9. dxe5 $6 (9. Nxe5 $142 $1 Nxe5 10. dxe5 Nxe4 11. Nxe4 dxe4 12. Bc4 $1
(12. Be3 Qa5+ 13. Qd2 Qxd2+ 14. Kxd2 Be6 $17 {/\ 15...0-0-0 ><e5,c5}) (12. Qxe4
Bxc5 {/\ Bf5}) 12... Qa5+ (12... Qd4 $2 13. Be3 Qxe5 14. Rd1 $1 $36 {/\ Bd4})
13. Bd2 Qxc5 14. Qxe4 Bf5 15. Qe2 Bg7 16. f4 O-O 17. Rc1 $11) 9... Nxe4 10.
Nxe4 dxe4 11. e6 $2 (11. Qxe4 $142 Nxc5 12. Qe3 (12. Qd4 $6 Qxd4 13. Nxd4 Bg7
14. f4 f6 15. exf6 Bxf6 16. Be3 Bg4 $1 $17 {><e1}) 12... Bf5 $1 (12... Ne6 $6
13. Bc4 $11) 13. Nd4 $140 Ne4 $1 14. Nxf5 gxf5 $17 {/\ Bc5,Bb4;><e1}) (11. Bg5
Be7 (11... Qa5+ $140 12. Bd2 Qxc5 13. Qxe4 $11) 12. Bxe7 Qxe7 13. Qxe4 Nxc5 14.
Qe3 Bg4 $1 $15) 11... exf3 $1 (11... Nxc5 $2 12. exf7+ Kxf7 13. Bc4+ Ke8 14.
Qc3 $1 $16 {><h8}) (11... fxe6 12. Qxe4 Nxc5 (12... Qf6 $2 13. Bg5 Qf5 14. Qxf5
gxf5 15. O-O-O $1 $40 {><e8,e6}) 13. Qe5 Rg8 14. Qe3 $1 $44 {><d3}) 12. exd7+
Bxd7 13. Qc3 Rg8 $1 (13... fxg2 14. Bxg2 Rg8 15. O-O Be6 16. Bf4 $44 {><e8})
14. gxf3 Bg7 (14... Be6 $142 $1 15. Be3 Qd5 16. Be2 (16. Rd1 Qxa2 $17) 16...
O-O-O 17. O-O Bg7 18. Qb4 Qh5 $1 $40) 15. Qb4 $1 a5 $5 (15... Qe7+ 16. Be3
O-O-O 17. O-O-O Be6 18. Bc4 $15 (18. Rd6 Be5 $1)) 16. Qxb7 (16. Qa3 Qh4 $1 {
/\ Qb4} 17. Bd2 Be6 18. O-O-O Qxf2 $17) 16... Qb8 $1 (16... Rb8 17. Qa7 Bxb2
$140 (17... Ra8 18. Qb6 $13) 18. Bxb2 Rxb2 19. O-O-O $1 Rxa2 20. Kb1 (20. Bc4
Ra1+ 21. Kc2 Rxd1 22. Rxd1 Rg7 $1 $13) 20... Bf5+ 21. Bd3 Be6 22. Rhe1 $40 {
><e8,d8}) 17. Qxb8+ (17. Qb6 Bd4 $1 18. Be3 Bxb2 $1 (18... Qe5 $6 19. Rd1 $1
Bxe3 20. fxe3 Qxe3+ 21. Be2 $13) 19. Rd1 Bc3+ 20. Ke2 Qc8 $1 {/\ 21..Rb8} 21.
Qb3 Qa6+ 22. Rd3 Bb4 $17 {><e2 /\ Be6,0-0-0}) 17... Rxb8 18. Bd3 (18. Bc4 Rb4
$1) 18... Bxb2 19. Bxb2 $2 (19. Rb1 $142 Bc3+ 20. Ke2 Ke7 (20... Rxb1 21. Bxb1
Bb4 22. Be3 Be6 23. Be4 $1 {><c6} Bc4+ 24. Kd1 Kd7 25. Kc2 {><d7}) 21. Rb6 $1
$11) 19... Rxb2 $17 {><f2,f3,c5,a2} 20. O-O Ke7 $1 21. Rfe1+ Kf6 $2 (21... Be6
$142 $1 22. Bc4 (22. Be4 Rd8 $1 23. Bxc6 Rdd2 $17 (23... Rc8)) 22... Rd8 23.
Re4 Rdd2 24. Bxe6 fxe6 25. Rae1 Rxf2 26. Rxe6+ Kf7 $17) 22. Be4 Be6 23. Red1 $1
{><c6} (23. Bxc6 $2 Rc8 24. Be4 Rxc5 $19) 23... Rxa2 24. Rxa2 Bxa2 25. Rd6+ $2
$138 (25. Ra1 Bd5 26. Bxd5 $1 (26. Rxa5 Ke5 $1 27. Ra7 f5 28. Bxd5 Kxd5 29.
Rxh7 Kxc5 $17) 26... cxd5 27. Rxa5 Rc8 28. Kf1 Ke5 29. Ra7 f6 (29... f5 30.
Rxh7 Rxc5 31. Rg7 Kf6 32. Rd7 $11) 30. Rxh7 Rxc5 31. Re7+ Kf4 32. Re6 Kf5 33.
Rd6 Ke5 34. Rd8 $11) 25... Ke5 26. Rxc6 (26. Bxc6 Rc8 27. Kg2 Bb3 28. Kg3 {
[%cal Gf3f4]} g5 {/\ a4}) 26... f5 $1 27. Bc2 Bd5 28. Rb6 Bxf3 $19 {><g1} 29.
c6 (29. Ra6 Ra8 $1 $19) 29... Kd6 30. Ba4 Re8 31. Kf1 (31. c7+ Kxc7 32. Bxe8
Kxb6 $19) (31. h4 Re1+ 32. Kh2 f4 $19 {><h2}) 31... Re4 32. Bb5 Rb4 33. Ke1 Rd4
0-1

[Event "Moscow Aeroflot op-A 15th"]
[Site "Moscow"]
[Date "2016.03.07"]
[Round "7"]
[White "Najer, Evgeniy"]
[Black "Bartel, Mateusz"]
[Result "1/2-1/2"]
[WhiteElo "2664"]
[BlackElo "2625"]
[Annotator "Besenthal,K"]
[PlyCount "52"]
[EventDate "2016.03.01"]
[EventType "swiss"]
[EventRounds "9"]
[EventCountry "RUS"]
[SourceTitle "CBM 171"]
[Source "ChessBase"]
[SourceDate "2016.03.14"]
[SourceVersion "2"]
[SourceVersionDate "2016.03.14"]
[SourceQuality "1"]

1. d4 d5 2. c4 c6 3. Nc3 dxc4 4. e4 b5 5. a4 b4 6. Na2 Nf6 7. e5 Nd5 8. Bxc4
Bf5 9. Nf3 e6 10. Bg5 Be7 11. Bxe7 Qxe7 12. Nc1 O-O 13. O-O Nd7 14. Nb3 f6 15.
Re1 Bg4 16. exf6 Qxf6 {Diagramm [#] Alles noch absolut ausgeglichen, doch
gefallen kann es einem eigentlich nicht, wenn der Nachziehende plötzlich
Drohpotential in der f-Linie entwickelt, nachdem man selber ihn noch vor
kurzem mit dem Be5 am Königsflügel eingeengt hatte.} 17. Nbd2 Nf4 18. Qb3 Kh8
19. Qe3 Bxf3 20. Nxf3 Nb6 21. Bd3 Rad8 {Diagramm [#]} 22. Be4 (22. Qe4 $1 {
Die Preisgabe des Feldes c4 ist überflüssig und bringt Weiß nur in
Schwierigkeiten.}) 22... c5 $1 23. dxc5 Nc4 24. Qb3 Nxb2 ({Oder} 24... Nd2 25.
Qe3 Nc4 {usw. mit Remisschluss.}) 25. Qxb4 Nbd3 26. Qc4 Nxe1 {Weiß hat
genügend Kompensation für die Qualität.} 1/2-1/2

[Event "USA-ch"]
[Site "Saint Louis"]
[Date "2016.04.16"]
[Round "3"]
[White "Onischuk, Alexander"]
[Black "Lenderman, Aleksandr"]
[Result "1-0"]
[WhiteElo "2664"]
[BlackElo "2618"]
[Annotator "Besenthal,K"]
[PlyCount "101"]
[EventDate "2016.04.14"]
[EventType "tourn"]
[EventRounds "11"]
[EventCountry "USA"]
[EventCategory "17"]
[SourceTitle "CBM 172"]
[Source "ChessBase"]
[SourceDate "2016.05.12"]
[SourceVersion "1"]
[SourceVersionDate "2016.05.12"]
[SourceQuality "1"]

1. d4 d5 2. c4 c6 3. e3 Bf5 {Weiß hat seinen Damenläufer freiwillig
eingeschlossen und Schwarz versucht davon zu profitieren, wofür er wiederum
Verpflichtungen eingehen muss. Es entsteht frühzeitig ein positionelles
Ungleichgewicht, das einen interessanten Kampf verspricht.} 4. cxd5 cxd5 5. Qb3
{Die natürliche Reaktion auf den frühen Läuferausflug des Schwarzen.} Qc7 6.
Nc3 e6 7. Nf3 Nc6 8. Nh4 {Diagramm [#] Dieser Zug wurde bislang nur einmal im
Amateurbereich gespielt.} Be4 9. Bd2 Be7 10. Nxe4 dxe4 11. d5 {Verschärft das
Spiel.} (11. g3 {war ruhiger, auch wenn dem Weißen seine Struktur kaputtgehen
könnte.}) 11... exd5 (11... Bxh4 12. dxc6 bxc6 13. Qa4 {wäre nicht schlecht
für Weiß gewesen: Er bekommt den Bauern zurück und hat anschließend in der
offenen Stellung gute Aussichten.}) 12. Nf5 g6 13. Nd4 Qd7 14. Bb5 Bf6 15. Bc3
Kf8 16. O-O Kg7 17. f3 Nxd4 18. exd4 Qd6 19. fxe4 dxe4 {Diagramm [#]} 20. Rae1
(20. Rf2 {mit Konzentration auf die f-Linie war wohl besser.}) 20... Rc8 $2 (
20... a6 $1 $11) 21. Rxe4 Rc7 (21... a6 22. Bc4 {und im Gegensatz zur
vorstehenden Variante ist der Bauer d4 gedeckt.}) 22. Bb4 Bxd4+ $2 (22... Qb6 {
war notwendig, doch Weiß hätte weiterhin großen Vorteil.}) 23. Kh1 Qb6 24.
Rxd4 $2 (24. Re6 $3 {mit sofortigem Gewinn}) 24... Qxd4 25. Bc3 Rxc3 26. bxc3
Qd6 27. Qxf7+ Kh6 28. Qf8+ Qxf8 29. Rxf8 Kg7 30. Rb8 {Diagramm [#]} b6 31. Rb7+
Kh6 32. Rf7 g5 33. Bd3 {Schwarz ist völlig paralysiert, doch Weiß muss noch
eine Weile arbeiten.} g4 34. Kg1 Kg5 35. Rf8 Kh6 36. Ra8 a5 37. Rb8 Kg7 38.
Rb7+ Kf8 39. Rb8+ Kg7 40. Rb7+ Kf8 41. Rxb6 Ne7 42. Rb8+ Kg7 43. Rxh8 Kxh8 44.
Be4 Kg7 45. Kf2 Kf6 46. Ke3 Ke5 47. Bxh7 Nd5+ 48. Kd2 Kf4 49. Kd3 g3 50. hxg3+
Kxg3 51. Be4 1-0

[Event "Match/Club Leipzig SG-Moscow GU"]
[Site "Leipzig"]
[Date "1981.05.09"]
[Round "1.3"]
[White "Bilunov, Boris Nikolaevich"]
[Black "Boehnisch, Manfred"]
[Result "1-0"]
[WhiteElo "2420"]
[BlackElo "2335"]
[Annotator "Boehnisch,M"]
[PlyCount "75"]
[EventDate "1981.05.09"]
[EventType "team"]
[EventRounds "2"]
[EventCountry "DDR"]
[SourceTitle "EXT 2006"]
[Source "ChessBase"]
[SourceDate "2005.11.24"]
[SourceVersion "1"]
[SourceVersionDate "2005.11.24"]
[SourceQuality "1"]

1. d4 d5 2. c4 c6 3. Nc3 Nf6 4. cxd5 cxd5 5. Bg5 Nc6 6. Bxf6 gxf6 7. e3 e6 8.
Bd3 Qb6 9. Qd2 Bd7 10. Nge2 Bd6 11. O-O f5 12. Kh1 Nb4 $6 (12... Rc8 $1 $11)
13. Bb1 Nc6 14. Rc1 Rc8 15. g3 Na5 16. b3 Ba3 17. Rd1 Nc6 18. Rg1 Qa5 $2 (18...
Rg8) 19. g4 fxg4 20. Rxg4 Ne7 21. Rg1 Bb5 $2 (21... b6 $11) 22. Bd3 Bxd3 23.
Qxd3 Bb2 24. Nb5 Bxa1 25. Nd6+ Kd7 26. Nxc8 Nxc8 27. Rxa1 Nd6 28. f3 Qa3 29. e4
dxe4 30. fxe4 Qa5 31. Rf1 f5 32. d5 fxe4 33. dxe6+ Kxe6 34. Qd4 Rd8 35. Qg7 Nf5
36. Qxh7 Rf8 37. Nd4+ Nxd4 38. Qxe4+ 1-0

[Event "Capablanca Memorial-A 21st"]
[Site "Havana"]
[Date "1986.05.20"]
[Round "1"]
[White "Garcia Palermo, Carlos H"]
[Black "Kirov, Nino"]
[Result "1-0"]
[WhiteElo "2550"]
[BlackElo "2485"]
[Annotator "Boensch,U"]
[PlyCount "49"]
[EventDate "1986.05.20"]
[EventType "tourn"]
[EventRounds "13"]
[EventCountry "CUB"]
[EventCategory "10"]
[SourceTitle "MCL"]
[Source "ChessBase"]
[SourceDate "1999.07.01"]
[SourceVersion "1"]
[SourceVersionDate "1999.07.01"]
[SourceQuality "1"]

{SCHACH 9/1986 Seite 14} 1. d4 d5 2. c4 c6 3. e3 Nf6 4. Nc3 Bg4 5. Qb3 Qb6 {
Beide Spieler haben frühzeitig ausgetretene theoretische Pfade verlassen. Es
entwickelt sich ein spannender Kampf, in dem besonders die phantasievollen
weißen Ideen auffallen.} 6. f3 Be6 7. c5 Qc7 (7... Qxb3 $2 8. axb3 Nbd7 9. b4 {
nebst b5 mit großem weißen Vorteil.}) 8. Nge2 Bc8 $2 ({Die sofortige
Entwicklung mit} 8... g6 {verdient den Vorzug. Durch den Zeitverlust kommt
Weiß mittels Bauernopfer zu einem gefährlichen Angriff.}) 9. e4 dxe4 10. Bf4 $1
Qa5 11. O-O-O exf3 12. Ng3 Na6 ({Auf} 12... fxg2 {folgt} 13. Bxg2 e6 14. Rhe1
Be7 15. Nf5 $1 {mit durchschlagendem Angriff.}) 13. gxf3 b6 (13... e6 {lässt
Weiß die gleiche Idee wie eben:} 14. Bxa6 Qxa6 15. Rhe1 {nebst Sf5.}) 14. Bc4
e6 15. a3 (15. Rhe1 Qb4 $1 {und Schwarz erzwingt Damentausch.}) 15... bxc5 16.
d5 $1 {Linienöffnung um jeden Preis!} cxd5 17. Nxd5 exd5 18. Bxd5 Be7 $1 (18...
Nxd5 $2 19. Qxd5 Nc7 20. Qd8#) 19. Bc6+ Bd7 20. Bxd7+ Kf8 {[#]} (20... Nxd7 {
verliert wegen} 21. Rxd7 $1 Kxd7 22. Qb7+ Nc7 23. Rd1+ Ke6 24. Qc6+ Bd6 25.
Qxd6#) 21. Qb5 $1 Qb6 (21... Qxb5 22. Bxb5 Nb8 23. Rhe1 {hat Schwarz gegen die
Drohung Sf5 keine Verteidigung, da} g6 {an} 24. Bh6+ {scheitert.}) 22. Bc6 Rd8
({Oder} 22... Rc8 23. Qxb6 axb6 24. Bb7) 23. Qxb6 axb6 24. Bb7 Rxd1+ 25. Rxd1 {
Ein sehenswerter Springerfang. Schwarz gab auf.} 1-0

[Event "URS-ch46 First League"]
[Site "Ashkhabad"]
[Date "1978.??.??"]
[Round "7"]
[White "Razuvaev, Yuri S"]
[Black "Kupreichik, Viktor D"]
[Result "1-0"]
[WhiteElo "2460"]
[BlackElo "2490"]
[Annotator "Bulletin"]
[PlyCount "80"]
[EventDate "1978.10.??"]
[EventType "tourn"]
[EventRounds "17"]
[EventCountry "URS"]
[EventCategory "10"]
[SourceTitle "MCL"]
[Source "ChessBase"]
[SourceDate "1999.07.01"]
[SourceVersion "1"]
[SourceVersionDate "1999.07.01"]
[SourceQuality "1"]

1. d4 d5 2. c4 c6 3. cxd5 cxd5 4. Nc3 Nf6 5. Bf4 e6 6. e3 Nc6 7. Bd3 Bd6 8.
Bxd6 Qxd6 9. f4 $1 Ne7 10. Nf3 Ng4 11. Qe2 Nf5 12. Ne5 $1 Ngxe3 13. g4 Nh4 14.
Bb5+ Kf8 15. Rg1 a6 16. Bd3 Nc4 17. Bxc4 dxc4 18. O-O-O Ng6 19. Rgf1 Ne7 (19...
b5 20. f5 exf5 21. gxf5 Nxe5 22. dxe5 Qh6+ 23. Kb1 Bb7 24. Rd7 $18) 20. Qxc4
Nd5 21. Qc5 Qxc5 22. dxc5 f6 (22... Ke7 23. Rxd5 exd5 24. Nxd5+ $18) 23. Nc4
Ke7 24. Nxd5+ exd5 25. Rfe1+ Kd7 26. Nb6+ $18 Kc6 27. Nxa8 Bxg4 28. Nb6 Bxd1
29. Rxd1 Rd8 30. b4 a5 31. a3 axb4 32. axb4 d4 33. Kc2 Kb5 34. Kb3 d3 35. Kc3
Re8 36. Nc4 Re2 37. Rxd3 Rxh2 38. Rd6 Rh3+ 39. Kd4 g5 40. Rb6+ Ka4 1-0

[Event "Grenke Chess Classic 1st"]
[Site "Baden-Baden"]
[Date "2013.02.17"]
[Round "10"]
[White "Fridman, Daniel"]
[Black "Caruana, Fabiano"]
[Result "1/2-1/2"]
[WhiteElo "2667"]
[BlackElo "2757"]
[Annotator "CB"]
[PlyCount "172"]
[EventDate "2013.02.07"]
[EventType "tourn"]
[EventRounds "10"]
[EventCountry "GER"]
[EventCategory "19"]
[SourceTitle "CBM 153"]
[Source "ChessBase"]
[SourceDate "2013.03.14"]
[SourceVersion "1"]
[SourceVersionDate "2013.03.14"]
[SourceQuality "1"]

1. d4 d5 2. c4 c6 3. cxd5 cxd5 4. Bf4 Nc6 5. e3 Nf6 6. Nc3 a6 7. Bd3 Bg4 8.
Nge2 e6 9. O-O Be7 10. Rc1 O-O 11. f3 Bh5 12. Bg3 Rc8 13. Nf4 Bg6 14. Na4 Nd7
15. Bxg6 hxg6 16. Nd3 Na5 $146 17. Rxc8 Qxc8 18. Qe1 Nc4 19. b3 Nd6 20. Qd2 Nb5
21. Rc1 Qa8 22. Rc2 b6 23. Ne5 Nxe5 24. Bxe5 Qb7 25. Bg3 Re8 26. Qc1 Ba3 27.
Qd2 Rd8 28. Qd3 Rc8 29. h3 Rc6 30. Kh2 Be7 31. Nb2 a5 32. Qd2 {Caruana now
knew he needed a win, and his} Bg5 {provoked his opponent into pushing his
pawn to h4.} 33. Rxc6 Qxc6 34. h4 Be7 35. Nd3 Nd6 {Under normal circumstances
all this would have changed little, but Fridman was coming off a run of three
losses in four games, and short of time he overlooked a simple pawn-winning
tactic:} 36. Bxd6 $2 Qxd6+ 37. f4 Bxh4 38. Qc1 Bd8 39. Qc8 g5 40. g3 gxf4 41.
gxf4 Qc7 42. Qxc7 Bxc7 43. Kh3 Kh7 44. Kg4 Kg6 45. Ne1 Bd6 46. Nf3 f6 47. Ne1
Bb4 48. Nf3 Ba3 49. Ng1 Bc1 50. Kf3 Bd2 51. Ne2 Bb4 52. a4 Bd2 53. Ng3 Be1 {
In this ending Black was the clear favourite, but with both players exhausted
and a play-off place up for grabs anything could still happen. Fridman had had
a disappointing tournament overall, but he at least managed to demonstrate
some endgame wizardry at the close with} 54. f5+ $1 {and after} exf5 (54... Kf7
$5 {was another try.}) 55. Ne2 Kf7 56. Nf4 g5 57. Nxd5 Ke6 58. Nc7+ Kf7 59. Nd5
Bb4 60. Nxb6 {pawns were suddenly level, although the Italian still had
chances of disturbing Vishy Anand's evening.} g4+ 61. Kf2 Ke6 62. Ke2 Kd6 63.
Nc4+ Kd5 64. Kd3 g3 {The final chance came after} 65. Ke2 Ke4 $2 {Caruana
still had almost twenty minutes to think at this point.} ({The} 65... f4 $1 {
break would have allowed the black king to rush towards the white pawns on b3
and a4.}) ({or} 65... g2 66. Kf2 f4) 66. d5 $1 {Now Black still had a long
time to contemplate the ruins of his position, but there was no longer any way
to avoid an inevitable draw.} Kxd5 67. Kf3 Be1 68. Nb2 g2 69. Kxg2 Ke4 70. Nc4
Bc3 71. Kf2 f4 72. exf4 Kxf4 73. Ke2 f5 74. Kd3 Bb4 75. Ne3 Bc5 76. Nc4 Bb4 77.
Ne3 Bd6 78. Nc4 Bc7 79. Ne3 Bd8 80. b4 axb4 81. Nd5+ Kg3 82. Nxb4 f4 83. Ke2
Kg2 84. Nd3 f3+ 85. Ke3 Kg3 86. Ke4 Bb6 1/2-1/2

[Event "Dilijan FIDE GP (Women)"]
[Site "Dilijan"]
[Date "2013.06.26"]
[Round "9"]
[White "Stefanova, Antoaneta"]
[Black "Girya, Olga"]
[Result "1-0"]
[WhiteElo "2531"]
[BlackElo "2436"]
[Annotator "CB"]
[PlyCount "123"]
[EventDate "2013.06.16"]
[EventType "tourn"]
[EventRounds "11"]
[EventCountry "ARM"]
[EventCategory "11"]
[SourceTitle "CBM 155"]
[Source "ChessBase"]
[SourceDate "2013.07.16"]
[SourceVersion "1"]
[SourceVersionDate "2013.07.16"]
[SourceQuality "1"]

{Olga Girya sacrificed a pawn in the opening and had enough compensation for
it, but Antoaneta Stefanova played very well and soon traded all active white
pieces, centralized her queen and started to push the passed pawns on the
queenside. The only moment that White made an inaccuracy was on move 46.} 1. d4
d5 2. c4 c6 3. Nc3 Nf6 4. e3 Bf5 5. cxd5 cxd5 6. Qb3 Nc6 7. Qxb7 Bd7 8. Qb3 Rb8
9. Qd1 e5 10. Nf3 Bd6 11. dxe5 Nxe5 12. Be2 O-O 13. O-O Qe7 14. Nxe5 Qxe5 15.
f4 Qe6 16. Bf3 Bc5 17. Nxd5 Nxd5 18. Bxd5 Bxe3+ 19. Kh1 Qb6 20. Bxe3 Qxe3 21.
b3 Bb5 22. Qc1 Qd4 23. Rd1 Qf6 24. Qe3 Rbe8 25. Qxa7 Qxf4 26. Kg1 Be2 27. Qd4
Qg5 28. Rd2 Bg4 29. Rf1 Be6 30. h4 Qg3 31. Bf3 Rc8 32. Qf2 Qb8 33. Bd5 Bxd5 34.
Rxd5 Rc7 35. Rfd1 Qc8 36. a4 Rc2 37. Qd4 Qb7 38. b4 h6 39. h5 Re8 40. b5 Ra2
41. Rd2 Rxd2 42. Qxd2 Qa7+ 43. Qd4 Qa5 44. Qf4 Re1+ 45. Kh2 Qb6 46. Rd3 $6 (46.
Re5 Rxe5 47. Qxe5 $18) 46... Ra1 $2 (46... Qg1+ 47. Kg3 Qc5 $1 {and Girya
could have made the task much more difficult for her opponent.}) 47. Re3 Qc5
48. Re8+ Kh7 49. Qe4+ f5 50. Qe3 Qxe3 51. Rxe3 Rxa4 52. Rb3 Ra7 {and Black's
rook is forced to a very passive position.} 53. b6 Rb7 54. Kg3 g5 55. hxg6+
Kxg6 56. Kf4 Kf6 57. Rb5 Ke6 58. g3 Rb8 59. b7 Kd7 60. Kxf5 Kc7 61. Kg6 Rg8+
62. Kh7 1-0

[Event "Sinquefield Cup 2nd"]
[Site "Saint Louis"]
[Date "2014.09.03"]
[Round "7"]
[White "Carlsen, Magnus"]
[Black "Nakamura, Hikaru"]
[Result "1-0"]
[WhiteElo "2877"]
[BlackElo "2787"]
[Annotator "CB"]
[PlyCount "103"]
[EventDate "2014.08.27"]
[EventType "tourn"]
[EventRounds "10"]
[EventCountry "USA"]
[EventCategory "23"]
[SourceTitle "CBM 162"]
[Source "ChessBase"]
[SourceDate "2014.09.17"]
[SourceVersion "1"]
[SourceVersionDate "2014.09.17"]
[SourceQuality "1"]

1. d4 d5 2. c4 c6 3. Nc3 dxc4 {Hikaru tried this line recently against
Mamedyarov in the Olympiad.} 4. e3 b5 5. a4 b4 6. Ne4 Qd5 7. Nd2 c3 8. bxc3 {
Mamedyarov played 8.Ndf3. For some reason, Hikaru was either unfamiliar with
this line (the main line) or forgot his analysis.} bxc3 9. Nb1 Qa5 10. Qc2 {
This is a common position. Black usually plays 10...Na6. Hikaru went into a
long think, and played an interesting move.} e5 $5 11. Nf3 {And now Hikaru
thought for a long time, and made the losing move.} Na6 $4 (11... exd4 12. Nxd4
Nf6 {is better for white, but the game goes on. Perhaps Hikaru thought this
was too simple and played for complications, but they were not in his favor.})
12. Nxe5 {Black is simply lost. He will be 1-2 pawns in the ending with no
compensation.} Nb4 {Played after long thought, but there is nothing else.} 13.
Qb3 $1 Be6 14. Bc4 c2 $6 (14... Bxc4 15. Qxc4 Qd5 (15... Nc2+ $2 16. Kd1 Nxa1
17. Qxf7+ Kd8 18. Qd7#) 16. O-O {is best, but white should be winning.}) 15.
Bxe6 Nd3+ 16. Ke2 Nxe5 17. dxe5 fxe6 18. Qxe6+ Ne7 19. Nd2 Qd5 {The computer
says this is best, but black has little chance of survival in the ending.} 20.
Qxd5 Nxd5 21. Ne4 Rb8 22. Bd2 Bb4 23. Rhc1 Bxd2 24. Nxd2 Nb4 25. Nf3 Ke7 26.
Ne1 Rhd8 27. f4 $1 (27. Nxc2 $6 Nd3 28. Rcb1 Nxe5 {is great for white, but not
completely winning.}) 27... c5 28. Nxc2 Nd3 29. Rcb1 Nb2 30. Ra2 Nxa4 {A bit
tricky, but unfortunately, not tricky enough.} 31. Rxb8 Nc3+ 32. Kf3 Nxa2 33.
Rb5 Nb4 34. Nxb4 cxb4 35. Rxb4 Ra8 36. Ke4 a5 37. Ra4 Kf7 38. g4 Ke7 39. f5 h6
40. h4 Kf7 41. e6+ Kf6 42. Rd4 Ke7 (42... Ra7 43. g5+ hxg5 44. Rd7 Rxd7 45.
exd7 Ke7 46. f6+ gxf6 47. h5 {is a funny computer line.}) 43. Rd7+ Kf8 44. e7+
Ke8 45. Rd8+ Rxd8 46. exd8=Q+ Kxd8 47. Kd5 Ke7 48. g5 a4 49. Kc4 hxg5 50. hxg5
Kd6 51. e4 Ke5 52. Kb4 1-0

[Event "EU-ch (Women) 13th"]
[Site "Gaziantep"]
[Date "2012.03.07"]
[Round "6"]
[White "Stefanova, Antoaneta"]
[Black "Gunina, Valentina"]
[Result "0-1"]
[WhiteElo "2531"]
[BlackElo "2511"]
[Annotator "CB"]
[PlyCount "154"]
[EventDate "2012.03.02"]
[EventType "swiss"]
[EventRounds "11"]
[EventCountry "TUR"]
[SourceTitle "CBM 147 Extra"]
[Source "ChessBase"]
[SourceDate "2012.04.24"]
[SourceVersion "1"]
[SourceVersionDate "2012.04.24"]
[SourceQuality "1"]

1. d4 d5 2. c4 c6 3. cxd5 cxd5 4. Nc3 Nf6 5. Bf4 Nc6 6. e3 Bf5 7. Rc1 e6 8. Qb3
Bb4 9. Bb5 O-O 10. Bxc6 Bxc3+ 11. Rxc3 bxc6 12. f3 Nh5 13. Ne2 Nxf4 14. Nxf4
Rb8 15. Qa3 Rb5 16. Rxc6 Qb8 17. b3 e5 18. Ne2 Bd3 19. Qd6 Qe8 20. dxe5 d4 21.
exd4 Qa8 22. Rc7 Rd5 23. Qe7 a5 {White is now three pawns up and clearly
winning.} 24. e6 Rf5 25. Qd6 fxe6 26. Ng3 R5f6 27. Nh5 R6f7 28. Rxf7 Rxf7 29.
Kd2 Bf5 30. Rc1 a4 31. b4 Qe8 32. Ng3 Rd7 33. Qf4 Bg6 34. Rc5 Qd8 35. Ke3 h6
36. Ne2 a3 37. Qe5 Bb1 38. Nc3 Bf5 39. g4 Bg6 40. Ne4 Kh7 41. g5 h5 42. h4 Qb6
43. Rb5 Qa6 44. Qb8 Rf7 45. Nd2 Qa4 46. Nb3 Rf8 47. Qb7 Rf7 48. Qb8 Rf8 49. Qb6
Qa8 50. Qb7 Qd8 51. Qc6 {White is still two pawns up, but her advantage is
slipping rapidly.} Be8 52. Qc2+ Bg6 53. Qc3 Qe7 54. Ke2 Rf4 55. Rb8 Rxh4 56.
Qc8 $2 {Understandable: a mate-in-one threat should save the day, shouldn't it?
} Rh2+ 57. Ke1 Bc2 58. Nd2 Rh1+ 59. Kf2 Rh2+ 60. Ke1 Rh1+ 61. Kf2 Rh2+ 62. Ke1
Bd3 63. f4 Qd6 64. Qg8+ Kg6 65. Nf3 $2 {White was in a bad way, but now it is
a forced win for her opponent.} Rh1+ 66. Kf2 Rf1+ 67. Kg2 Rxf3 (67... Qd5 68.
f5+ Kxf5 69. Rf8+ Kg4 {was even more devastating.}) 68. Kxf3 {and Black mates.}
Qd5+ 69. Kg3 h4+ 70. Kxh4 Qh1+ 71. Kg3 Qe1+ 72. Kh3 Bf5+ 73. Kg2 Be4+ 74. Kh3
Qh1+ 75. Kg3 Qg2+ 76. Kh4 Qf2+ 77. Kh3 Bf5# {What a tragedy for the former
women's world champion.} 0-1